Liquidity Risk Regulation

Charakteristika vývoja regulácie rizika likvidity. Regulácia rizika likvidity pred finančnou krízou. Súčasná úroveň legislatívy vo vyšehradských krajinách a pripravované zmeny vyplývajúce z pravidiel Bazilej III: minimálne štandardy likvidity (pomer krytia likvidity a pomer čistého stabilného financ...

Descrizione completa

Salvato in:
Dettagli Bibliografici
Autore principale: Gongol, Tomáš
Altri autori: Vodová, Pavla
Natura: Capitolo di libro
Lingua:inglese
Soggetti:
Tags: Aggiungi Tag
Nessun Tag, puoi essere il primo ad aggiungerne!!

MARC

LEADER 00000nla a2200000 4500
001 0242477
005 20240416111804.2
041 0 |a eng 
044 |a CZ 
245 1 0 |a Liquidity Risk Regulation  |c Tomáš Gongol, Pavla Vodová 
520 |a Charakteristika vývoja regulácie rizika likvidity. Regulácia rizika likvidity pred finančnou krízou. Súčasná úroveň legislatívy vo vyšehradských krajinách a pripravované zmeny vyplývajúce z pravidiel Bazilej III: minimálne štandardy likvidity (pomer krytia likvidity a pomer čistého stabilného financovania) a monitorovacie nástroje pre riziko likvidity. 
610 2 0 |a riziko likvidity 
610 2 0 |a kríza hospodárska 
610 2 0 |a štandardy 
610 2 0 |a Vyšehradská štvorka 
610 2 0 |a dohody medzinárodné 
100 1 |a Gongol, Tomáš 
700 1 |a Vodová, Pavla